[Event "Madrid ch Veteranos  2019-2020"]
[Site "Maddrid ESP"]
[Date "2020.01.21"]
[Round "7.19"]
[White "Hernandez Recio, Roberto"]
[Black "Chidichimo, Pedro Jose Maria"]
[Result "0-1"]
[WhiteElo "1846"]
[BlackElo "1802"]
[PlyCount "130"]
[EventDate "2020.01.13"]
[EventType "swiss"]
[EventRounds "9"]
[EventCountry "ESP"]
[SourceTitle "Ajedrez en Madrid"]
[Source "lmi"]
[SourceDate "2020.01.13"]
[SourceVersion "1"]
[SourceVersionDate "2020.01.27"]
[SourceQuality "1"]

1. c4 e5 2. g3 Nf6 3. Bg2 c6 4. Nc3 d6 5. e3 Be7 6. Nge2 O-O 7. O-O Re8 8. d4
Nbd7 9. Qc2 Bf8 10. b3 Qc7 11. Bb2 g6 12. Rad1 Bg7 13. Nc1 Nf8 14. dxe5 dxe5
15. Nd3 Bf5 16. e4 Bg4 17. f3 Bd7 18. Nc5 Bc8 19. Kh1 b6 20. Nd3 Ne6 21. Ne2
Nd7 22. f4 Bb7 23. f5 Nd4 24. Nxd4 exd4 25. Qf2 c5 26. Rde1 Ne5 27. Nxe5 Bxe5
28. g4 Bxh2 29. Qh4 Bg3 30. Qh6 Qe7 31. Re3 Qh4+ 32. Qxh4 Bxh4 33. Rh3 Bg5 34.
Re1 Re5 35. b4 Rae8 36. bxc5 bxc5 37. Ba3 Bd2 38. Rb1 Bxe4 39. Bxe4 Rxe4 40.
Bxc5 Rxg4 41. f6 Bg5 42. Be7 Rf4 43. Rd3 Bxf6 44. Bxf6 Rxf6 45. Rxd4 Rf2 46.
Rd7 Rxa2 47. Rc7 a5 48. c5 a4 49. c6 a3 50. Ra7 Rb2 51. Rc1 a2 52. Rb7 Rb1 53.
Rcxb1 axb1=Q+ 54. Rxb1 Rc8 55. Rb6 Rc7 56. Kg2 Kg7 57. Kf3 Kf6 58. Kf4 h6 59.
Ke4 Ke6 60. Kd4 Kd6 61. Rb7 Kxc6 62. Rb3 Re7 63. Rf3 f5 64. Ra3 Re4+ 65. Kd3
Rg4 0-1

[Event "Madrid ch Veteranos  2019-2020"]
[Site "Maddrid ESP"]
[Date "2020.01.21"]
[Round "7.20"]
[White "Tudela Garcia, Antonio"]
[Black "Sanchez Peral, Pedro"]
[Result "0-1"]
[WhiteElo "1567"]
[BlackElo "1818"]
[PlyCount "92"]
[EventDate "2020.01.13"]
[EventType "swiss"]
[EventRounds "9"]
[EventCountry "ESP"]
[SourceTitle "Ajedrez en Madrid"]
[Source "lmi"]
[SourceDate "2020.01.13"]
[SourceVersion "1"]
[SourceVersionDate "2020.01.27"]
[SourceQuality "1"]

1. e4 c5 2. b3 Nc6 3. Bb2 d6 4. Bb5 a6 5. Bxc6+ bxc6 6. c4 e5 7. Qe2 Nf6 8. Nc3
Be7 9. Nf3 Bg4 10. h3 Bh5 11. g4 Bg6 12. Nh4 Nxe4 13. Nxg6 Nxc3 14. Bxc3 hxg6
15. f4 O-O 16. fxe5 dxe5 17. O-O-O Bf6 18. g5 Bxg5 19. Qxe5 Bf6 20. Qxc5 Bxc3
21. dxc3 Qf6 22. Qd4 Rfd8 23. Qxf6 gxf6 24. c5 Kg7 25. Rhe1 f5 26. h4 Kf6 27.
Kc2 Rxd1 28. Rxd1 Rc8 29. Rd4 Ke5 30. Kd2 f6 31. Ke3 g5 32. Rd7 f4+ 33. Kf3 Kf5
34. hxg5 fxg5 35. Rf7+ Kg6 36. Rd7 Rh8 37. Kg4 Rh4+ 38. Kf3 Rh3+ 39. Ke4 Re3+
40. Kd4 g4 41. Rd6+ Kf5 42. Rxc6 g3 43. Rc8 g2 44. Kd5 Re5+ 45. Kd6 g1=Q 46.
Rf8+ Ke4 0-1

[Event "Madrid ch Veteranos  2019-2020"]
[Site "Maddrid ESP"]
[Date "2020.01.21"]
[Round "7.21"]
[White "Minguela Muñoz, Bienvenido"]
[Black "Villodre Miranda, Juan Alonso"]
[Result "1-0"]
[WhiteElo "1808"]
[BlackElo "1567"]
[PlyCount "115"]
[EventDate "2020.01.13"]
[EventType "swiss"]
[EventRounds "9"]
[EventCountry "ESP"]
[SourceTitle "Ajedrez en Madrid"]
[Source "lmi"]
[SourceDate "2020.01.13"]
[SourceVersion "1"]
[SourceVersionDate "2020.01.27"]
[SourceQuality "1"]

1. Nf3 c5 2. g3 Nc6 3. Bg2 e5 4. d3 h6 5. c4 g6 6. Nc3 Bg7 7. O-O Nge7 8. Be3
d6 9. Qc1 Be6 10. a3 Rb8 11. Rb1 Nd4 12. b4 b6 13. b5 d5 14. Bxd4 exd4 15. cxd5
Nxd5 16. Ne4 O-O 17. Re1 f5 18. Ned2 f4 19. Nc4 Qc7 20. Nh4 Kh7 21. Be4 Rf6 22.
Nd2 Nc3 23. Rb2 Bd5 24. Bxd5 Nxd5 25. Ne4 Rff8 26. Qc4 Nf6 27. Nd2 fxg3 28.
hxg3 Ng4 29. Ne4 Rbe8 30. Nf3 Bf6 31. Kg2 Kg7 32. Rh1 Ne5 33. Nxe5 Rxe5 34. Qc1
Bg5 35. f4 Bxf4 36. gxf4 Ref5 37. Rh4 Rxf4 38. Rxf4 Rxf4 39. Nf2 Rh4 40. Qg1
Qf4 41. Rc2 Rh5 42. Kf1 Rg5 43. Qh1 Rf5 44. Qg2 h5 45. Ke1 Qh4 46. Rc4 Kh6 47.
e4 Rg5 48. Qf3 Rg1+ 49. Ke2 Ra1 50. Rc2 Qh2 51. Qf8+ Kg5 52. e5 Qxe5+ 53. Ne4+
Kg4 54. Qf3+ Kh4 55. Qf2+ Kg4 56. Qf3+ Kh4 57. Qf2+ Kg4 58. Qg2+ 1-0

[Event "Madrid ch Veteranos  2019-2020"]
[Site "Maddrid ESP"]
[Date "2020.01.21"]
[Round "7.22"]
[White "Osorio Ramos, Francisco"]
[Black "Barragan Panal, Juan Jose"]
[Result "1-0"]
[WhiteElo "1794"]
[BlackElo "1679"]
[PlyCount "91"]
[EventDate "2020.01.13"]
[EventType "swiss"]
[EventRounds "9"]
[EventCountry "ESP"]
[SourceTitle "Ajedrez en Madrid"]
[Source "lmi"]
[SourceDate "2020.01.13"]
[SourceVersion "1"]
[SourceVersionDate "2020.01.27"]
[SourceQuality "1"]

1. c4 e5 2. Nc3 Nf6 3. Nf3 Nc6 4. g3 d5 5. cxd5 Nxd5 6. d3 Bb4 7. Bd2 O-O 8.
Bg2 Be6 9. O-O f6 10. a3 Nxc3 11. Bxc3 Bc5 12. Rc1 Bb6 13. Qa4 Qd7 14. Qh4 Ne7
15. d4 Nf5 16. Qe4 Bd5 17. Qg4 Be6 18. Qe4 Nd6 19. Qc2 Bf5 20. Qb3+ Be6 21. d5
Bh3 22. Bb4 Bxg2 23. Kxg2 Rfc8 24. Bxd6 Qxd6 25. e4 Kh8 26. Rc2 Rd8 27. Nd2 Bd4
28. Nf3 Bb6 29. Rfc1 g6 30. Nd2 Rac8 31. Nc4 Qd7 32. Nxb6 cxb6 33. Rxc8 Rxc8
34. Rxc8+ Qxc8 35. Qb4 Qd8 36. Qc3 Kg7 37. f4 exf4 38. gxf4 Kf7 39. Qh3 Qe8 40.
Qxh7+ Kf8 41. Qh8+ Kf7 42. Qxe8+ Kxe8 43. Kf3 b5 44. Ke3 a5 45. Kd4 b6 46. b4
1-0

[Event "Madrid ch Veteranos  2019-2020"]
[Site "Maddrid ESP"]
[Date "2020.01.21"]
[Round "7.23"]
[White "Fernandez Garcia, Ignacio"]
[Black "Martinez Pintor, Juan"]
[Result "1-0"]
[WhiteElo "1770"]
[BlackElo "1577"]
[PlyCount "31"]
[EventDate "2020.01.13"]
[EventType "swiss"]
[EventRounds "9"]
[EventCountry "ESP"]
[SourceTitle "Ajedrez en Madrid"]
[Source "lmi"]
[SourceDate "2020.01.13"]
[SourceVersion "1"]
[SourceVersionDate "2020.01.27"]
[SourceQuality "1"]

1. e4 e6 2. d4 d5 3. e5 c5 4. c3 Nc6 5. Nf3 Qb6 6. Bd3 cxd4 7. cxd4 Bd7 8. Nc3
Nxd4 9. Ng5 Nh6 10. O-O Nc6 11. Nxh7 g6 12. Nf6+ Kd8 13. Bg5 Be7 14. Bb5 Nxe5
15. Nfxd5 exd5 16. Bxe7+ 1-0

[Event "Madrid ch Veteranos  2019-2020"]
[Site "Maddrid ESP"]
[Date "2020.01.21"]
[Round "7.24"]
[White "Corredor Gonzalez, Angel L."]
[Black "Navarro Corredor, Angel"]
[Result "1-0"]
[WhiteElo "1733"]
[BlackElo "1346"]
[PlyCount "71"]
[EventDate "2020.01.13"]
[EventType "swiss"]
[EventRounds "9"]
[EventCountry "ESP"]
[SourceTitle "Ajedrez en Madrid"]
[Source "lmi"]
[SourceDate "2020.01.13"]
[SourceVersion "1"]
[SourceVersionDate "2020.01.27"]
[SourceQuality "1"]

1. e4 c6 2. Nc3 e5 3. Nf3 d6 4. d4 exd4 5. Nxd4 Be7 6. Bc4 Nf6 7. O-O O-O 8. a4
a5 9. h3 Nxe4 10. Bxf7+ Rxf7 11. Nxe4 d5 12. Ng3 Na6 13. Re1 Qf8 14. Nf3 Nc7
15. Be3 Bxh3 16. Ne5 Rxf2 17. Bxf2 Bc8 18. Rf1 Qf4 19. Nd3 Qg5 20. Qe2 Bg4 21.
Qe5 Rc8 22. Rae1 Bf6 23. Qxg5 Bxg5 24. Ne5 Be6 25. Bd4 Bh4 26. Re3 Bg5 27. Ref3
Bf6 28. Nh5 Be7 29. Rg3 Bf8 30. Nd3 Ne8 31. Nc5 Bf7 32. Nd7 Bd6 33. Rgf3 Nf6
34. Nhxf6+ gxf6 35. Rxf6 Bg6 36. Rxd6 1-0

[Event "Madrid ch Veteranos  2019-2020"]
[Site "Maddrid ESP"]
[Date "2020.01.21"]
[Round "7.26"]
[White "Nevado Muñoz, Rafael"]
[Black "Bellagamba, Pascal"]
[Result "1/2-1/2"]
[WhiteElo "1467"]
[BlackElo "1635"]
[PlyCount "164"]
[EventDate "2020.01.13"]
[EventType "swiss"]
[EventRounds "9"]
[EventCountry "ESP"]
[SourceTitle "Ajedrez en Madrid"]
[Source "lmi"]
[SourceDate "2020.01.13"]
[SourceVersion "1"]
[SourceVersionDate "2020.01.27"]
[SourceQuality "1"]

1. e4 d6 2. d4 Nf6 3. Bd3 e5 4. d5 Be7 5. h3 O-O 6. Nf3 Bd7 7. Be3 c6 8. c4
Qa5+ 9. Nc3 cxd5 10. cxd5 Na6 11. Nd2 Nc5 12. Bxc5 Qxc5 13. Nb3 Qc8 14. Rc1 Qd8
15. O-O a6 16. a4 g6 17. Ne2 Bxa4 18. Rc3 Qb6 19. Kh1 Rac8 20. Bc2 Nh5 21. g4
Nf4 22. Nxf4 exf4 23. Na1 Bb5 24. Rb3 Bf6 25. Bd3 Rfe8 26. Bxb5 axb5 27. Qd3
Rc5 28. f3 Rec8 29. Qd2 Be5 30. h4 Qc7 31. Kg2 Kg7 32. Ra3 Rc1 33. Rf2 Rc4 34.
Qa5 Qc5 35. Rd3 Ra4 36. Qe1 Rca8 37. Nb3 Qc4 38. Qd1 Rc8 39. Rdd2 Rca8 40. Qc2
Qb4 41. Nc1 Qa5 42. Nd3 Bd4 43. b4 Qb6 44. Rfe2 Be3 45. Rd1 Qd8 46. g5 h6 47.
Qc3+ Kh7 48. gxh6 Kxh6 49. Nf2 f5 50. Qd3 Rxb4 51. exf5 Rd4 52. Qc3 Rc8 53. Qb2
Rxd1 54. Nxd1 Qxh4 55. Nxe3 Qg3+ 56. Kf1 Qxf3+ 57. Kg1 Rc1+ 58. Qxc1 Qxe2 59.
Ng2 Qg4 60. fxg6 Kxg6 61. Qc2+ Kg5 62. Qd2 Kf5 63. Qd3+ Kg5 64. Kf2 b4 65. Qb3
Qg3+ 66. Qxg3+ fxg3+ 67. Kxg3 b3 68. Ne1 b2 69. Nf3+ Kf5 70. Nd2 Ke5 71. Kf3
Kxd5 72. Ke2 Kd4 73. Nb1 Kc4 74. Kd1 Kb3 75. Nd2+ Ka2 76. Kc2 d5 77. Nb1 d4 78.
Nd2 b5 79. Kd3 b4 80. Kxd4 Ka3 81. Kc4 b3 82. Nb1+ Ka2 1/2-1/2

[Event "Madrid ch Veteranos  2019-2020"]
[Site "Maddrid ESP"]
[Date "2020.01.21"]
[Round "7.28"]
[White "Lopez Guitian, Juan J."]
[Black "Cruz Gonzalez, Antonio"]
[Result "1/2-1/2"]
[WhiteElo "1509"]
[BlackElo "1737"]
[PlyCount "106"]
[EventDate "2020.01.13"]
[EventType "swiss"]
[EventRounds "9"]
[EventCountry "ESP"]
[SourceTitle "Ajedrez en Madrid"]
[Source "lmi"]
[SourceDate "2020.01.13"]
[SourceVersion "1"]
[SourceVersionDate "2020.01.27"]
[SourceQuality "1"]

1. e4 g6 2. d4 Bg7 3. Nc3 c6 4. f4 d5 5. e5 Nh6 6. Nf3 f6 7. Be2 O-O 8. Be3 Be6
9. Qd2 a5 10. f5 Nxf5 11. Bf2 Nd7 12. g4 Nh6 13. h3 Nf7 14. Bg3 fxe5 15. dxe5
Nfxe5 16. Nxe5 Nxe5 17. Qe3 Qd6 18. O-O-O Bd7 19. Ne4 Qb4 20. c3 Nc4 21. Bxc4
Qxc4 22. b3 Qxe4 23. Qxe4 dxe4 24. Rxd7 Bxc3 25. Rxb7 e3 26. Rxe7 Rae8 27. Rxe8
Rxe8 28. Be1 Bb4 29. Kc2 Rd8 30. Bxb4 axb4 31. Rh2 Kf7 32. Re2 Rd2+ 33. Rxd2
exd2 34. Kxd2 Ke6 35. Ke2 g5 36. Kd2 Ke5 37. Ke3 Kd5 38. Kd3 c5 39. Kc2 Ke4 40.
Kd2 Kd4 41. Kd1 Kd3 42. Kc1 Ke3 43. Kb2 Kd2 44. a4 bxa3+ 45. Kxa3 Kc3 46. Ka4
Kd4 47. Kb5 Kd5 48. Kb6 c4 49. bxc4+ Kxc4 50. Kc6 Kd4 51. Kd6 Ke4 52. Ke6 Kf4
53. Kf6 Kg3 1/2-1/2

[Event "Madrid ch Veteranos  2019-2020"]
[Site "Maddrid ESP"]
[Date "2020.01.21"]
[Round "7.29"]
[White "Calderon Martin, Antonio"]
[Black "Menendez Domens, Juan Manuel"]
[Result "1/2-1/2"]
[WhiteElo "1614"]
[BlackElo "1439"]
[PlyCount "113"]
[EventDate "2020.01.13"]
[EventType "swiss"]
[EventRounds "9"]
[EventCountry "ESP"]
[SourceTitle "Ajedrez en Madrid"]
[Source "lmi"]
[SourceDate "2020.01.13"]
[SourceVersion "1"]
[SourceVersionDate "2020.01.27"]
[SourceQuality "1"]

1. e4 e6 2. d4 d5 3. e5 c5 4. c3 Qb6 5. a3 Nc6 6. Nf3 Nh6 7. b4 cxd4 8. cxd4
Nf5 9. Be3 Nxe3 10. fxe3 Bd7 11. Bd3 Ne7 12. Nc3 Rc8 13. Na4 Qc6 14. Nc5 Nf5
15. Qd2 Be7 16. O-O O-O 17. Rac1 Rfd8 18. b5 Qc7 19. Nxe6 Qb6 20. Nxd8 Rxd8 21.
a4 h6 22. Qe2 f6 23. exf6 Bxf6 24. Bxf5 Bxf5 25. Ne5 Be4 26. Qh5 Bg5 27. Qf7+
Kh7 28. Rc7 Bxe3+ 29. Kh1 Rg8 30. Rxb7 Qxd4 31. Nc6 Qb2 32. Rf3 Bxf3 33. gxf3
Qc1+ 34. Kg2 Qg1+ 35. Kh3 Qf1+ 36. Kg4 Qg2+ 37. Kf5 Qxf3+ 38. Ke6 Qg4+ 39. Qf5+
Qxf5+ 40. Kxf5 Rf8+ 41. Ke5 Bf4+ 42. Kxd5 Bxh2 43. Rxa7 Rf5+ 44. Ke4 Rf8 45. a5
Bg1 46. b6 h5 47. Rd7 h4 48. b7 Bh2 49. a6 Rf4+ 50. Kd5 Rf5+ 51. Kc4 Rf6 52.
Kb5 Rf5+ 53. Kb6 Bg1+ 54. Kc7 Bh2+ 55. Kb6 Bg1+ 56. Kc7 Bh2+ 57. Kb6 1/2-1/2

[Event "Madrid ch Veteranos  2019-2020"]
[Site "Maddrid ESP"]
[Date "2020.01.21"]
[Round "7.30"]
[White "Abad Martin-Camuñas, Luis"]
[Black "Martinez Martinez, Javier II"]
[Result "0-1"]
[WhiteElo "1394"]
[BlackElo "1572"]
[PlyCount "54"]
[EventDate "2020.01.13"]
[EventType "swiss"]
[EventRounds "9"]
[EventCountry "ESP"]
[SourceTitle "Ajedrez en Madrid"]
[Source "lmi"]
[SourceDate "2020.01.13"]
[SourceVersion "1"]
[SourceVersionDate "2020.01.27"]
[SourceQuality "1"]

1. e4 e5 2. Nf3 Nc6 3. Bc4 Nf6 4. d3 Be7 5. O-O d6 6. h3 Na5 7. Nbd2 O-O 8. c3
Nxc4 9. Nxc4 h6 10. Be3 Nh7 11. d4 b5 12. Ncd2 exd4 13. Nxd4 Bd7 14. f4 c5 15.
Nc2 f5 16. e5 dxe5 17. fxe5 Qc7 18. Bf4 Be6 19. Nf3 Rad8 20. Qe2 Bc4 21. Qf2
Bxf1 22. Rxf1 g5 23. Qg3 Kh8 24. Bc1 f4 25. Qg4 Qb6 26. Re1 Qg6 27. h4 Qxc2 0-1

[Event "Madrid ch Veteranos  2019-2020"]
[Site "Maddrid ESP"]
[Date "2020.01.21"]
[Round "7.31"]
[White "Martinez Carrasco, Jesus"]
[Black "Perales Hernandez, Manuel"]
[Result "0-1"]
[WhiteElo "1566"]
[BlackElo "1300"]
[PlyCount "85"]
[EventDate "2020.01.13"]
[EventType "swiss"]
[EventRounds "9"]
[EventCountry "ESP"]
[SourceTitle "Ajedrez en Madrid"]
[Source "lmi"]
[SourceDate "2020.01.13"]
[SourceVersion "1"]
[SourceVersionDate "2020.01.27"]
[SourceQuality "1"]

1. d4 Nf6 2. c4 e6 3. Nc3 Bb4 4. Qc2 c5 5. a3 Bxc3+ 6. bxc3 cxd4 7. cxd4 O-O 8.
e3 Qc7 9. Nf3 Nc6 10. Bd3 h6 11. O-O d6 12. h3 Bd7 13. Bd2 Rac8 14. Rac1 Rfe8
15. e4 e5 16. d5 Ne7 17. Nh2 Ng6 18. Rfe1 Qd8 19. Be3 b6 20. f3 Nh5 21. Qf2
Nhf4 22. Bf1 Qg5 23. Kh1 Qf6 24. Ng4 Qe7 25. g3 Nh5 26. Nh2 Rf8 27. f4 exf4 28.
Bxf4 Qf6 29. Be3 Rfe8 30. Bg2 Ne5 31. Qe2 Nxg3+ 32. Kg1 Nxe2+ 33. Rxe2 Nxc4 34.
Rf2 Qg6 35. Bd4 Bxh3 36. Kh1 Ne5 37. Rg1 Bxg2+ 38. Rfxg2 Qxe4 39. Nf3 g6 40.
Bxe5 dxe5 41. Rg3 Qxd5 42. R1g2 Qe6 43. Rh3 0-1

[Event "Madrid ch Veteranos  2019-2020"]
[Site "Maddrid ESP"]
[Date "2020.01.21"]
[Round "7.32"]
[White "Martinez Miura, Enrique"]
[Black "Infante Martin, Alonso"]
[Result "1-0"]
[WhiteElo "1561"]
[BlackElo "1362"]
[PlyCount "65"]
[EventDate "2020.01.13"]
[EventType "swiss"]
[EventRounds "9"]
[EventCountry "ESP"]
[SourceTitle "Ajedrez en Madrid"]
[Source "lmi"]
[SourceDate "2020.01.13"]
[SourceVersion "1"]
[SourceVersionDate "2020.01.27"]
[SourceQuality "1"]

1. e4 e5 2. Nf3 Nc6 3. d4 exd4 4. Nxd4 Nge7 5. c3 Ne5 6. Be2 d6 7. O-O h6 8.
Be3 Bd7 9. Na3 a6 10. Nc4 N7g6 11. f4 Nxc4 12. Bxc4 b5 13. Bd5 Rc8 14. Bb7 Rb8
15. Nc6 Bxc6 16. Bxc6+ Ke7 17. Ba7 Ra8 18. Bxa8 Qxa8 19. Be3 Kd7 20. Qd3 Be7
21. a4 Qb7 22. axb5 axb5 23. Ra5 Rb8 24. b4 Nf8 25. Rd1 Ke8 26. Rda1 c5 27.
bxc5 dxc5 28. Ra7 Qc6 29. R1a6 Qc8 30. Rxe7+ Kxe7 31. Qd6+ Ke8 32. Bxc5 Ng6 33.
f5 1-0

[Event "Madrid ch Veteranos  2019-2020"]
[Site "Maddrid ESP"]
[Date "2020.01.21"]
[Round "7.33"]
[White "Beekhof Harmsen, Willen"]
[Black "Perez Ramos, Miguel Angel"]
[Result "1/2-1/2"]
[WhiteElo "1470"]
[BlackElo "1122"]
[PlyCount "98"]
[EventDate "2020.01.13"]
[EventType "swiss"]
[EventRounds "9"]
[EventCountry "ESP"]
[SourceTitle "Ajedrez en Madrid"]
[Source "lmi"]
[SourceDate "2020.01.13"]
[SourceVersion "1"]
[SourceVersionDate "2020.01.27"]
[SourceQuality "1"]

1. Nf3 Nc6 2. g3 e5 3. Bg2 d6 4. d3 Be7 5. c4 Nf6 6. Nc3 d5 7. cxd5 Nxd5 8.
Nxd5 Qxd5 9. O-O Qd8 10. a3 O-O 11. b4 Bf6 12. Bb2 Nd4 13. Nd2 c6 14. Ne4 Ne6
15. Nxf6+ Qxf6 16. f4 Qd8 17. fxe5 Nd4 18. e3 Nf5 19. Qe2 Be6 20. Rac1 Nh6 21.
b5 Rc8 22. bxc6 bxc6 23. Bd4 a5 24. Bxc6 Nf5 25. Bb2 Qb6 26. Be4 Qxe3+ 27. Qxe3
Nxe3 28. Rxc8 Rxc8 29. Re1 Ng4 30. d4 g6 31. d5 Bd7 32. h3 Nh6 33. g4 g5 34.
Bc1 f6 35. exf6 Rc3 36. Kg2 Nf7 37. Bf5 Bb5 38. Be6 Rc2+ 39. Kf3 h6 40. d6 Bc6+
41. Ke3 Rc3+ 42. Kd4 Rf3 43. d7 Kf8 44. Bxf7 Bxd7 45. Ke5 Kxf7 46. Rd1 Be6 47.
Bb2 Rxf6 48. Kd6 Bb3+ 49. Bxf6 Bxd1 1/2-1/2

[Event "Madrid ch Veteranos  2019-2020"]
[Site "Maddrid ESP"]
[Date "2020.01.22"]
[Round "8.1"]
[White "De la Orden Alcocer, Alejandro"]
[Black "Elissalt Cardenas, Hector"]
[Result "0-1"]
[WhiteElo "1972"]
[BlackElo "2270"]
[PlyCount "40"]
[EventDate "2020.01.13"]
[EventType "swiss"]
[EventRounds "9"]
[EventCountry "ESP"]
[SourceTitle "Ajedrez en Madrid"]
[Source "lmi"]
[SourceDate "2020.01.13"]
[SourceVersion "1"]
[SourceVersionDate "2020.01.27"]
[SourceQuality "1"]

1. e4 g6 2. d4 Bg7 3. Be3 c6 4. c3 d5 5. e5 Nh6 6. Bd3 Nf5 7. Bd2 h5 8. Ne2 c5
9. Ng3 Nxg3 10. hxg3 Nc6 11. Qc2 cxd4 12. Bxg6 Nxe5 13. Bf5 Qb6 14. cxd4 Bxf5
15. Qxf5 Qxd4 16. O-O Qg4 17. Qc2 h4 18. Bf4 hxg3 19. Bxg3 Nf3+ 20. gxf3 Qh3
0-1

[Event "Madrid ch Veteranos  2019-2020"]
[Site "Maddrid ESP"]
[Date "2020.01.22"]
[Round "8.2"]
[White "Campos Calvo-Sotelo, Javier"]
[Black "Pastor Alonso De Prado, Alberto"]
[Result "1/2-1/2"]
[WhiteElo "1908"]
[BlackElo "2074"]
[PlyCount "54"]
[EventDate "2020.01.13"]
[EventType "swiss"]
[EventRounds "9"]
[EventCountry "ESP"]
[SourceTitle "Ajedrez en Madrid"]
[Source "lmi"]
[SourceDate "2020.01.13"]
[SourceVersion "1"]
[SourceVersionDate "2020.01.27"]
[SourceQuality "1"]

1. d4 d5 2. Bg5 h6 3. Bh4 c5 4. dxc5 Qa5+ 5. Nc3 e6 6. e4 Be7 7. Bxe7 Nxe7 8.
Bb5+ Bd7 9. Qd3 a6 10. Bxd7+ Nxd7 11. exd5 Nxd5 12. Nge2 Qxc5 13. Nxd5 Qxd5 14.
Qxd5 exd5 15. O-O-O Nf6 16. Nf4 O-O-O 17. Rhe1 Rd7 18. f3 Kc7 19. Re5 Rhd8 20.
h4 Kd6 21. Rf5 Kc6 22. g4 Ne8 23. Nd3 f6 24. Nb4+ Kc5 25. Nd3+ Kc6 26. Nb4+ Kc5
27. Nd3+ Kc6 1/2-1/2

[Event "Madrid ch Veteranos  2019-2020"]
[Site "Maddrid ESP"]
[Date "2020.01.22"]
[Round "8.3"]
[White "Nuñez Muñoz, Jesus"]
[Black "Gonzalez Rivera, Eduardo"]
[Result "1/2-1/2"]
[WhiteElo "2162"]
[BlackElo "2024"]
[PlyCount "93"]
[EventDate "2020.01.13"]
[EventType "swiss"]
[EventRounds "9"]
[EventCountry "ESP"]
[SourceTitle "Ajedrez en Madrid"]
[Source "lmi"]
[SourceDate "2020.01.13"]
[SourceVersion "1"]
[SourceVersionDate "2020.01.27"]
[SourceQuality "1"]

1. e4 e5 2. Nf3 Nc6 3. Bb5 a6 4. Ba4 Nf6 5. O-O Nxe4 6. d4 b5 7. Bb3 d5 8. dxe5
Be6 9. Nbd2 Nc5 10. c3 Be7 11. Nd4 Nxe5 12. f4 Bg4 13. Qe1 Ned3 14. Qg3 f5 15.
Nc6 Qd7 16. Nxe7 Qxe7 17. Bxd5 O-O-O 18. c4 h5 19. h4 Be2 20. b4 Bxf1 21. Nxf1
Nxc1 22. Rxc1 Ne4 23. Qg6 Qf6 24. Be6+ Kb8 25. Qxf6 gxf6 26. Bxf5 Nd6 27. Be6
Rhe8 28. f5 Nxc4 29. Bxc4 bxc4 30. Rxc4 Re2 31. Ng3 Rxa2 32. Nxh5 Ra4 33. Nxf6
a5 34. Rc5 axb4 35. Nd5 c6 36. Ne7 Rd1+ 37. Kh2 b3 38. Rc3 Ra3 39. Nxc6+ Kb7
40. Rxb3+ Rxb3 41. Na5+ Kc7 42. Nxb3 Kd6 43. f6 Ke6 44. Nc5+ Kxf6 45. Ne4+ Kf5
46. Ng5 Kg4 47. Nf3 1/2-1/2

[Event "Madrid ch Veteranos  2019-2020"]
[Site "Maddrid ESP"]
[Date "2020.01.22"]
[Round "8.4"]
[White "Lorenzo Bailador, Alfredo"]
[Black "Vazquez Gonzalez, Francisco"]
[Result "1/2-1/2"]
[WhiteElo "2019"]
[BlackElo "1931"]
[PlyCount "40"]
[EventDate "2020.01.13"]
[EventType "swiss"]
[EventRounds "9"]
[EventCountry "ESP"]
[SourceTitle "Ajedrez en Madrid"]
[Source "lmi"]
[SourceDate "2020.01.13"]
[SourceVersion "1"]
[SourceVersionDate "2020.01.27"]
[SourceQuality "1"]

1. e4 e5 2. Nf3 Nc6 3. Bc4 Nf6 4. Ng5 d5 5. exd5 b5 6. Bf1 Nd4 7. c3 Nxd5 8.
cxd4 Qxg5 9. Bxb5+ Kd8 10. O-O Bb7 11. Qf3 Rb8 12. dxe5 Ne3 13. Qh3 Qxg2+ 14.
Qxg2 Nxg2 15. d4 Nh4 16. Be2 h6 17. f4 Bb4 18. Nc3 Ke7 19. Be3 Ng2 20. Bc1 Nh4
1/2-1/2

[Event "Madrid ch Veteranos  2019-2020"]
[Site "Maddrid ESP"]
[Date "2020.01.22"]
[Round "8.5"]
[White "Martin Martin, Luis Vicente"]
[Black "Camarero Izquierdo, Juan Carlos"]
[Result "1/2-1/2"]
[WhiteElo "1985"]
[BlackElo "1807"]
[PlyCount "86"]
[EventDate "2020.01.13"]
[EventType "swiss"]
[EventRounds "9"]
[EventCountry "ESP"]
[SourceTitle "Ajedrez en Madrid"]
[Source "lmi"]
[SourceDate "2020.01.13"]
[SourceVersion "1"]
[SourceVersionDate "2020.01.27"]
[SourceQuality "1"]

1. e4 c5 2. Nf3 d6 3. d4 cxd4 4. Qxd4 a6 5. c4 Nf6 6. Nc3 e6 7. Be2 Be7 8. O-O
O-O 9. Rd1 Nc6 10. Qd2 Ng4 11. b3 Qb6 12. Rf1 Bf6 13. Bb2 Nce5 14. Nxe5 Nxe5
15. Na4 Qc7 16. f4 Nd7 17. Bxf6 Nxf6 18. Qe3 Bd7 19. Nb6 Rad8 20. e5 dxe5 21.
fxe5 Ne8 22. Nxd7 Rxd7 23. Rad1 Rxd1 24. Rxd1 g6 25. Bf3 Ng7 26. g4 b5 27. c5
b4 28. Rd6 a5 29. Qd4 Qe7 30. c6 Qg5 31. c7 Qc1+ 32. Kg2 Qxc7 33. Qc4 Qa7 34.
Ra6 Qe3 35. Rxa5 Rd8 36. Qe4 Qd2+ 37. Kh3 h5 38. gxh5 Qh6 39. Ra8 Rxa8 40.
Qxa8+ Kh7 41. Qe4 Nxh5 42. Bxh5 Qxh5+ 43. Kg3 Qg5+ 1/2-1/2

[Event "Madrid ch Veteranos  2019-2020"]
[Site "Maddrid ESP"]
[Date "2020.01.22"]
[Round "8.6"]
[White "Lopez de Turiso, Jose Angel"]
[Black "Alonso Abad, Enrique"]
[Result "1/2-1/2"]
[WhiteElo "1893"]
[BlackElo "2002"]
[PlyCount "128"]
[EventDate "2020.01.13"]
[EventType "swiss"]
[EventRounds "9"]
[EventCountry "ESP"]
[SourceTitle "Ajedrez en Madrid"]
[Source "lmi"]
[SourceDate "2020.01.13"]
[SourceVersion "1"]
[SourceVersionDate "2020.01.27"]
[SourceQuality "1"]

1. e4 e6 2. d4 d5 3. Nc3 Nf6 4. Bg5 Be7 5. e5 Nfd7 6. Bxe7 Qxe7 7. f4 O-O 8.
Nf3 c5 9. dxc5 Nc6 10. Bd3 f6 11. exf6 Qxf6 12. g3 Nxc5 13. Qd2 Nxd3+ 14. Qxd3
Nb4 15. Qd2 Bd7 16. a3 Nc6 17. O-O Be8 18. Rfe1 Bg6 19. Ne5 Nxe5 20. Rxe5 Bf5
21. Rae1 Rac8 22. Rc1 Qg6 23. Re2 Bg4 24. Rf2 h5 25. Nb5 h4 26. Nd4 hxg3 27.
hxg3 Bf5 28. Nxf5 Rxf5 29. Qd3 Qg4 30. Kg2 Rc4 31. Qe2 Rfxf4 32. Qxg4 Rxg4 33.
Rcf1 Rc7 34. Rf8+ Kh7 35. c3 Re4 36. Kf3 Kg6 37. Rh1 a5 38. Rh2 b5 39. Re2 Rxe2
40. Kxe2 b4 41. axb4 axb4 42. Kd3 bxc3 43. bxc3 Rc4 44. Rf3 e5 45. Kd2 e4 46.
Rf8 Kg5 47. Rd8 Rc5 48. Rd6 g6 49. Rd8 Kg4 50. Rg8 g5 51. Rg7 Ra5 52. Ke3 Ra1
53. c4 Ra3+ 54. Kd4 Rd3+ 55. Ke5 e3 56. Kf6 Kxg3 57. Rxg5+ Kf2 58. Rf5+ Ke2 59.
cxd5 Kd2 60. Ke6 e2 61. Rf2 Re3+ 62. Kd7 Kd3 63. Rxe2 Rxe2 64. d6 Kd4 1/2-1/2